| 000 | 00331nam a22001457a 4500 | ||
|---|---|---|---|
| 003 | SGT | ||
| 020 | _a9789350027042 | ||
| 082 |
_a954.034 _bG21T |
||
| 100 | _aTHAKUR, RAGHU | ||
| 245 | _aGANDHI-AMBEDKAR:KITNE DUR KITNE PAAS | ||
| 260 |
_aINDIA _bAAKAR BOOKS _c2021 |
||
| 300 | _a136 | ||
| 650 | _aMAHATMA GANDHI | ||
| 942 |
_2ddc _cBK |
||
| 999 |
_c26018 _d26018 |
||